Mzdový systém, podstata a tvorba v konkrétnych podmienkach podnikateľského prostredia bakalárska práca

Uložené v:
Podrobná bibliografia
Hlavný autor: Špičková, Eva
Korporativný autor: Fakulta podnikového manažmentu EU. Katedra podnikovohospodárska
Ďalší autori: Kufelová, Iveta, 1970-
Médium: Kniha
Jazyk:Slovak
Vydavateľské údaje: Bratislava 2018
Tagy: Pridať tag
Žiadne tagy, Buďte prvý, kto otaguje tento záznam!

MARC

LEADER 00000nbm a2200000 4500
001 0244955
005 20181009112605.9
041 0 |a slo 
044 |a SK 
245 1 0 |a Mzdový systém, podstata a tvorba v konkrétnych podmienkach podnikateľského prostredia  |b bakalárska práca  |c Eva Špičková ; školiteľ: Iveta Kufelová 
264 1 |a Bratislava  |c 2018 
300 |a 48 s. 
100 1 |a Špičková, Eva 
700 1 |a Kufelová, Iveta, 1970- 
710 2 |a Fakulta podnikového manažmentu EU. Katedra podnikovohospodárska